| 000 | 00684cam a22002293a 4500 | ||
|---|---|---|---|
| 001 | 12333 | ||
| 003 | PGUSA | ||
| 005 | 20140828083248.0 | ||
| 008 | 040501s2004||||xxu|||||s|||||000 | eng d | ||
| 040 |
_aPGUSA _beng |
||
| 042 | _adc | ||
| 050 | 4 | _aPK | |
| 245 | 1 | 4 |
_aThe Mahabharata of Krishna-Dwaipayana Vyasa Translated into English Prose : _bVana Parva, Part 2 _h[electronic resource] |
| 260 |
_bProject Gutenberg, _c2004 |
||
| 506 | _aPublic domain in the USA. | ||
| 516 | _aElectronic text | ||
| 653 | _aEpic literature, Sanskrit | ||
| 700 | 1 | _aGanguli, Kisari Mohan | |
| 830 | 0 |
_aProject Gutenberg _v12333 |
|
| 856 | 4 | 0 | _uhttp://www.gutenberg.org/ebooks/12333 |
| 942 | _cEB | ||
| 999 |
_c241588 _d241588 |
||